All 25k+ cities in Europe starting with A on a Map - Statistics

General Stats
  • This quiz has been taken 677 times
    639 since last reset
  • The average score is 40 of 212
Answers on the Map
Answers color-coded by a green-red scale on the quiz's map according to % correct below.
 
Answer Stats
Country Population City % Correct
Netherlands 1,114,745 Amsterdam
93%
Belgium 29,494 Ath
91%
Greece 664,046 Athens
90%
United Kingdom 198,480 Aberdeen
88%
Belgium 529,247 Antwerp
87%
Denmark 280,534 Aarhus
82%
Germany 248,960 Aachen
80%
Denmark 117,351 Aalborg
72%
Spain 337,482 Alicante
72%
Germany 296,582 Augsburg
72%
Spain 247,604 A Coruña
68%
France 133,891 Amiens
63%
France 70,817 Ajaccio
61%
France 91,729 Avignon
60%
France 154,504 Angers
58%
Russia 346,979 Arkhangelsk
58%
Spain 201,322 Almería
55%
Russia (Astrakhan) 529,793 Astrakhan
54%
Italy 99,077 Ancona
53%
Italy 31,516 Alba
51%
France 143,097 Aix-en-Provence
49%
France 40,802 Alès
45%
Netherlands 110,245 Arnhem
45%
France 128,199 Annecy
44%
Netherlands 140,210 Apeldoorn
44%
Netherlands 177,045 Almere
42%
Netherlands 153,420 Amersfoort
42%
Belgium 120,887 Anderlecht
42%
Spain 174,336 Albacete
41%
Spain 123,078 Algeciras
40%
Netherlands 101,825 Alkmaar
40%
Germany 68,393 Aalen
38%
Germany 52,503 Ahlen
38%
Romania 159,074 Arad
34%
France 51,031 Arles
33%
Portugal 175,136 Amadora
32%
Italy 92,876 Alessandria
31%
Spain 75,533 Alcalá de Guadaíra
30%
Spain 197,562 Alcalá de Henares
30%
Norway 66,258 Ålesund
30%
France 72,915 Antibes
30%
Italy 98,259 Arezzo
30%
Germany 71,002 Aschaffenburg
30%
Italy 75,051 Asti
30%
Spain 172,384 Alcorcón
28%
Belgium 33,505 Asse
28%
United Kingdom 46,810 Ayr
28%
France 48,993 Albi
27%
France 110,213 Argenteuil
27%
Spain 118,417 Alcobendas
26%
Italy 33,916 Aosta
26%
Netherlands 65,695 Assen
26%
United Kingdom 88,950 Aylesbury
26%
Italy 98,414 Andria
25%
Spain 58,369 Ávila
25%
Netherlands 67,180 Almelo
24%
Belgium 28,598 Ans
24%
United Kingdom 28,862 | 75,262 Ashford
24%
France 34,764 Auxerre
24%
Portugal 60,058 Aveiro
24%
Spain 77,791 Avilés
24%
Italy 57,592 Agrigento
23%
Germany 42,207 Amberg
22%
Belgium 87,332 Aalst
21%
France 41,555 Arras
20%
Germany 42,040 Aurich
20%
United Kingdom 36,534 Accrington
19%
Portugal 96,404 Almada
19%
Germany 41,798 Ansbach
19%
Italy 42,580 Alghero
18%
United Kingdom 46,906 Andover
18%
Germany 73,456 Arnsberg
18%
Greece 57,812 Alexandroúpolis
17%
Germany 31,633 Altenburg
17%
Belgium 30,081 Arlon
17%
France 85,946 Asnières-sur-Seine
17%
Italy 53,346 Avellino
17%
Romania 63,536 Alba Iulia
16%
France 87,572 Aubervilliers
16%
Germany 39,381 Ahaus
15%
Italy 69,999 Altamura
15%
United Kingdom 56,112 Altrincham
15%
Germany 33,728 Ahrensburg
14%
France 41,711 Angoulême
14%
Italy 72,859 Aprilia
14%
Russia 188,960 Armavir
14%
United Kingdom 28,283 Ashton-in-Makerfield
14%
United Kingdom 47,826 Ashton-under-Lyne
14%
Italy 51,176 Acireale
13%
France 33,012 Agen
13%
United Kingdom 36,430 Airdrie
13%
Germany 45,465 Albstadt
13%
United Kingdom 58,511 Aldershot
13%
Netherlands 70,460 Alphen aan den Rijn
13%
Lithuania 49,195 Alytus
13%
France 62,858 Antony
13%
Italy 52,335 Anzio
13%
Russia 54,667 Apatity
13%
Norway 94,441 Asker
13%
France 86,278 Aulnay-sous-Bois
13%
Russia 80,428 Azov
13%
Ukraine 106,941 Alchevsk
12%
Russia 88,879 Anapa
12%
United Kingdom 31,396 Aberdare
11%
Germany 31,923 Achim
11%
Italy 62,808 Afragola
11%
Germany 29,922 Andernach
11%
Spain 60,332 Aranjuez
11%
Poland 30,153 Augustów
11%
Italy 51,344 Aversa
11%
United Kingdom 39,654 Abingdon-on-Thames
10%
Greece 100,723 Acharnaí
10%
Germany 25,642 Achern
10%
France 29,090 Agde
10%
France 25,775 Alençon
10%
Romania 45,434 Alexandria
10%
France 39,604 Anglet
10%
Spain 33,187 Aranda de Duero
10%
Spain 56,678 Arganda del Rey
10%
Germany 27,314 Arnstadt
10%
Greece 61,349 Agrínion
9%
Spain 59,354 Alcoy
9%
Spain 33,855 Almendralejo
9%
Germany 47,149 Alsdorf
9%
France 36,250 Annemasse
9%
Norway 44,999 Arendal
9%
Netherlands 74,075 Arnhem-zuid
9%
Russia (Nizhny Novgorod) 103,979 Arzamas
9%
Germany 27,012 Aschersleben
9%
Italy 27,952 Assisi
9%
United Kingdom 73,130 Atherton
9%
Italy 34,657 Augusta
9%
France 25,531 Aurillac
9%
Italy 59,004 Acerra
8%
Spain 42,345 Alcantarilla
8%
Spain 41,318 Antequera
8%
Italy 47,404 Ascoli Piceno
8%
Bulgaria 48,483 Asenovgrad
8%
United Kingdom 28,139 Ashington
8%
France 47,208 Aubagne
8%
Spain 25,412 Adra
7%
Spain 35,722 Águilas
7%
France 29,993 Aix-les-Bains
7%
Sweden 27,501 Alingsås
7%
Russia (Tatarstan) 158,429 Almetyevsk
7%
Spain 30,818 Arcos de la Frontera
7%
Italy 41,500 Avezzano
7%
Italy 34,007 Adrano
6%
Hungary 27,736 Ajka
6%
Spain 41,170 Alhaurín de la Torre
6%
Spain 25,358 Alhaurín el Grande
6%
Russia 30,088 Alushta
6%
Spain 32,104 Ames
6%
Spain 32,738 Arteixo
6%
Spain 35,407 Azuqueca de Henares
6%
Belgium 30,183 Aarschot
5%
Greece 71,294 Ágios Dimítros
5%
Italy 45,025 Alcamo
5%
Spain 30,766 Alcázar de San Juan
5%
Spain 25,927 Almuñécar
5%
Norway 29,224 Alver
5%
Spain 44,938 Alzira
5%
Spain 36,615 Andújar
5%
Sweden 29,027 Ängelholm
5%
Italy 33,902 Angri
5%
Greece 33,565 Áno Liósia
5%
Ukraine 52,525 Antratsyt
5%
Italy 48,715 Ardea
5%
Ukraine 32,436 Avdiivka
5%
Italy 30,667 Avola
5%
Belgium 29,182 Aalter
4%
United Kingdom 39,466 Aldridge
4%
Russia 57,516 Aleksin
4%
Portugal 30,586 Alverca do Ribatejo
4%
Portugal 40,513 Amora
4%
Italy 33,756 Arzano
4%
Belarus 29,900 Asipovichy
4%
Norway 29,553 Askøy
4%
Italy 26,194 Assemini
4%
Italy 32,568 Abbiategrasso
3%
Russia 39,058 Abinsk
3%
Greece 59,704 Agía Paraskeví
3%
Greece 26,550 Agía Varvára
3%
Greece 26,562 Aígion
3%
Spain 29,711 Alaquàs
3%
Italy 27,651 Alatri
3%
Spain 32,204 Aldaia
3%
Russia 57,899 Alexandrov
3%
France 44,287 Alfortville
3%
Spain 27,430 Algemesí
3%
Belgium 27,573 Andenne
3%
Russia 30,669 Aprelevka
3%
Russia 39,488 Apsheronsk
3%
Greece 34,097 Argyroupoli
3%
United Kingdom 39,495 Arnold
3%
Spain 32,935 Arroyomolinos
3%
Italy 25,322 Arzignano
3%
Greece 30,251 Asprópyrgos
3%
Belgium 34,404 Auderghem
3%
Italy 27,784 Aci Catena
2%
Russia 46,018 Aksay
2%
Italy 39,611 Albano Laziale
2%
Spain 26,742 Almazora
2%
Greece 34,168 Ágioi Anárgyroi
1%
Russia (Astrakhan) 36,517 Akhtubinsk
1%
Italy 25,874 Albignasego
1%
Russia (Chechnya) 39,275 Argun
1%
Russia (Chuvashia) 33,752 Alatyr
0%
Russia 37,811 Alekseyevka
0%
Greece 37,381 Ampelókipoi
0%
Russia (Tatarstan) 34,197 Aznakayevo
0%
No matching quizzes found
Score Distribution
Percent of People with Each Score
Percentile by Number Answered
Your Score History
You have not taken this quiz since the last reset